000 00566nam a2200193Ia 4500
003 GCL
008 140319s9999 xx 000 0 ara d
040 _aGCL /
_cGCL
082 0 4 _a230
_bم.ا
100 1 _aمحمد المدنى
245 1 0 _aالاتحافات السنية فى الاحاديث القدسية /
_cمحمد المدنى
700 1 _aمحمود امين النواواى
260 _a[S.N] :
_bدار الجيل
300 _a338 ص
490 _a
650 0 4 _aالحديث
650 0 4 _aالاحاديث النبوية
942 _2ddc
_cBK
999 _c53202
_d53202